Loading...
| Current Events | 1 | 20.00 | 100% | 100% | 0% |
| Fine Arts - Classical Music | 3 | 16.67 | 67% | 67% | 33% |
| Fine Arts - Other | 4 | 22.50 | 100% | 50% | 75% |
| Fine Arts - Painting and Sculpture | 5 | 16.00 | 40% | 60% | 60% |
| Geography | 1 | 20.00 | 100% | 0% | 100% |
| History - American | 6 | 20.00 | 67% | 50% | 83% |
| History - European | 5 | 14.00 | 60% | 20% | 60% |
| History - Other | 6 | 13.33 | 33% | 50% | 50% |
| History - World | 5 | 18.00 | 60% | 80% | 40% |
| Literature - American | 4 | 15.00 | 50% | 75% | 25% |
| Literature - British | 6 | 15.00 | 50% | 33% | 67% |
| Literature - European | 3 | 10.00 | 33% | 0% | 67% |
| Literature - World | 5 | 14.00 | 80% | 20% | 40% |
| Mythology | 5 | 18.00 | 40% | 60% | 80% |
| Other Academic | 1 | 20.00 | 100% | 0% | 100% |
| Philosophy | 4 | 22.50 | 75% | 50% | 100% |
| Pop Culture | 1 | 0.00 | 0% | 0% | 0% |
| Religion | 8 | 18.75 | 50% | 63% | 75% |
| Science - Biology | 7 | 18.57 | 71% | 43% | 71% |
| Science - Chemistry | 5 | 18.00 | 60% | 60% | 60% |
| Science - Other | 3 | 20.00 | 67% | 33% | 100% |
| Science - Physics | 5 | 16.00 | 40% | 80% | 40% |
| Social Science | 6 | 15.00 | 17% | 67% | 67% |